Islamic Family Law (Federal Territories) Act 1984 (Act 303) : (As at 5th February 2014)

Bibliographic Details
Format: Book
Published: Selangor : International Law Book Services , 2014
Subjects:

MARC

LEADER 00000cam a2200000 7i4500
001 0000044330
005 20141228.0
008 141228
020 |a 9678922166 
090 0 0 |a 346.595116015   |b MAL 
245 1 0 |a Islamic Family Law (Federal Territories) Act 1984 (Act 303) :   |b (As at 5th February 2014) 
260 |a Selangor :   |b International Law Book Services ,   |c 2014 
650 0 |a Domestic relations (Islamic law) 
650 0 |a Marriage (Islamic law)   |z Wilayah Persekutuan 
999 |a 0001324051   |b Book   |c Adult Collection   |e Perbadanan Perpustakaan Awam Johor